[Event "Wch Seniors (Women) 19th"]
[Site "Condino"]
[Date "2009.11.04"]
[Round "7"]
[White "Bogumil, Tatiana"]
[Black "Sokolovskaya, Serafima"]
[Result "1-0"]
[WhiteElo "2165"]
[BlackElo "2100"]
[PlyCount "65"]
[EventDate "2009.10.27"]
[EventType "swiss"]
[EventRounds "9"]
[EventCountry "ITA"]
[SourceTitle "EXT 2010"]
[Source "ChessBase"]
[SourceDate "2010.11.25"]
[SourceVersion "1"]
[SourceVersionDate "2010.11.25"]
[SourceQuality "1"]

1. d4 Nc6 2. d5 Ne5 3. f4 Ng6 4. e4 e5 5. dxe6 fxe6 6. Nf3 Bc5 7. Bd3 Nf6 8. Qe2 0-0 9. g3 d6 10. Be3 Bxe3 11. Qxe3 Ng4 12. Qe2 Qf6 13. Nc3 c6 14. h3 N4e5 15. 0-0 Nxf3+ 16. Qxf3 Ne5 17. Qe2 Nxd3 18. Qxd3 Qg6 19. Kh2 d5 20. Rae1 b6 21. f5 Qh6 22. exd5 exd5 23. Nxd5 Bb7 24. Ne7+ Kh8 25. Rf4 Rad8 26. Qe3 Qd6 27. Re2 c5 28. Rh4 Qd1 29. Ng6+ Kg8 30. Qe6+ Rf7 31. Qe8+ Rf8 32. Ne7+ Kh8 33. Rxh7+ 1-0

[Event "Wch Seniors (Women) 19th"]
[Site "Condino"]
[Date "2009.11.03"]
[Round "6"]
[White "Sokolovskaya, Serafima"]
[Black "Bilunova, Rimma I"]
[Result "1/2-1/2"]
[WhiteElo "2100"]
[BlackElo "2171"]
[PlyCount "48"]
[EventDate "2009.10.27"]
[EventType "swiss"]
[EventRounds "9"]
[EventCountry "ITA"]
[SourceTitle "EXT 2010"]
[Source "ChessBase"]
[SourceDate "2010.11.25"]
[SourceVersion "1"]
[SourceVersionDate "2010.11.25"]
[SourceQuality "1"]

1. e4 c5 2. Nf3 e6 3. g3 Nc6 4. d4 cxd4 5. Nxd4 d5 6. Bg2 dxe4 7. Nxc6 Qxd1+ 8. Kxd1 bxc6 9. Bxe4 Bb7 10. Be3 Nf6 11. Bf3 Nd5 12. Re1 Bb4 13. c3 Ba5 14. Nd2 0-0 15. Bc5 Rfd8 16. Kc2 Bb6 17. Nb3 Ba6 18. Be2 Bxe2 19. Rxe2 Nf6 20. a4 Rd5 21. Bd4 Bxd4 22. Nxd4 Rc8 23. Nf3 Kf8 24. c4 Rd6 1/2-1/2